|
|
|
|
| LEADER |
00000naa2a2200000 4500 |
| 001 |
386155 |
| 005 |
20231101063439.0 |
| 035 |
|
|
|a (RuTPU)RU\TPU\prd\14640
|
| 090 |
|
|
|a 386155
|
| 100 |
|
|
|a 20030602a2003 k y0rusy50 ca
|
| 101 |
0 |
|
|a rus
|
| 102 |
|
|
|a RU
|
| 200 |
1 |
|
|a УЗК аустенитных сварных соединений: II. Новые возможности при применении автоматизированных систем
|f В. В. Гребенников, А. Х. Вопилкин, Д. В. Гребенников и др.
|
| 225 |
1 |
|
|a Крупнозернистые материалы. Средства НК
|
| 461 |
|
1 |
|0 (RuTPU)RU\TPU\prd\1155
|x 1609-3178
|t В мире неразрушающего контроля
|o Ежеквартальное журнальное обозрение
|d 2001-
|
| 463 |
|
1 |
|0 (RuTPU)RU\TPU\prd\14174
|t № 1
|v С. 13-15
|d 2003
|
| 610 |
1 |
|
|a ультразвуковой контроль
|
| 610 |
1 |
|
|a сварные соединения
|
| 610 |
1 |
|
|a автоматизированные системы
|
| 610 |
1 |
|
|a аустенит
|
| 610 |
1 |
|
|a швы
|
| 610 |
1 |
|
|a малая толщина
|
| 701 |
|
1 |
|a Гребенников
|b В. В.
|
| 701 |
|
1 |
|a Вопилкин
|b А. Х.
|
| 701 |
|
1 |
|a Гребенников
|b Д. В.
|
| 701 |
|
1 |
|a Бадалян
|b В. Г.
|
| 701 |
|
1 |
|a Тихонов
|b Д. С.
|
| 801 |
|
1 |
|a RU
|b 63413507
|c 20030602
|g PSBO
|
| 942 |
|
|
|c BK
|